Jedyne państwo, które... - Statystyki

Ogólne statystyki
  • Ten quiz został rozwiązany 7 185 razy
    7 170 od ostatniego zresetowania
  • Średni wynik to 15 z 22
Statystyki odpowiedzi
Jedyne państwo, które Państwo % Poprawnych
rozpoczyna się na O Oman
99%
jest całkowicie otoczone innym miastem Watykan
96%
jest głównie żydowskie Izrael
93%
użyło broni nuklearnej w wojnie Stany Zjednoczone
93%
ma większą powierzchnię niż Pluton Rosja
88%
wygrało pięć Mistrzostw Świata w Piłce Nożnej Brazylia
86%
nie uznaje Cypru Turcja
83%
ma nieprostokątną flagę Nepal
82%
posiada autostrady bez ograniczeń prędkości Niemcy
82%
jest kierowane przez Najwyższą Radę składającą się z siedmiu szejków Zjednoczone Emiraty Arabskie
73%
kończy się na Ś Białoruś
69%
ma lemury żyjące na wolności Madagaskar
69%
ma trzy oficjalne stolice Republika Południowej Afryki
67%
uzyskało niepodległość od Etiopii Erytrea
65%
ma cesarza Japonia
64%
graniczy z Gambią Senegal
63%
posiada dwanaście stref czasowych Francja
59%
posiada stolicę na wysokości ponad 3 tysięcy metrów Boliwia
57%
jest państwem-miastem położonym na wyspie Singapur
46%
ma maoryski jako język urzędowy Nowa Zelandia
40%
ma mieszkańców, którzy mówią w ponad 800 językach Papua-Nowa Gwinea
30%
ma głowę państwa o poglądach libertariańskich Argentyna
14%
Nie znaleziono quizów pasujących do podanych kryteriów
Rozkład punktacji
Procent ludzi z każdym wynikiem
Percentyl według liczby udzielonych odpowiedzi
Twoja historia wyników
Nie rozwiązałeś tego quizu od ostatniego zresetowania